| 000 | 00752nam a2200253 a 4500 | ||
|---|---|---|---|
| 008 | |||
| 020 | _a0070432058 (pbk.) | ||
| 049 | _aMAIN | ||
| 090 |
_aBF121 _bMOR |
||
| 100 | 1 | _aMorgan Clifford T. | |
| 245 | 1 | 0 |
_aIntroduction to psychology / _cClifford T.Morgan ,Richard A.King and Nancy M.Robinson |
| 260 |
_aAuckland : _bMcGraw- Hill, _c1979. |
||
| 300 |
_axvii, 686 p. : _bill. ; _c24 cm. |
||
| 504 | _aIncludes bibliographical references. | ||
| 500 | _aIncludes index. | ||
| 650 | _aPsychology. | ||
| 700 | _aRobinson, Nancy M. | ||
| 700 | _aKing, Richard A. | ||
| 907 |
_a.b10327800 _b23-09-13 _c21-02-13 |
||
| 003 | |||
| 005 | 20230123122000.0 | ||
| 040 | _cNUST | ||
| 942 |
_cBOOKS _kBF121 _mMOR |
||
| 999 |
_c125775 _d125775 |
||